| 000 | 00489nam a2200169Ia 4500 | ||
|---|---|---|---|
| 008 | 230718s9999 xx 000 0 und d | ||
| 020 | _a9780143417637 | ||
| 041 | _aeng | ||
| 082 |
_a658.314 _bWIT |
||
| 100 |
_aWitzel M. _9111101 |
||
| 245 |
_aManagement From The Masters _bFrom Kautilya To Warren Buffett |
||
| 260 |
_c2013 _bPortfolio /Penguin |
||
| 300 | _a211 | ||
| 365 |
_cRs. _b299.00 |
||
| 700 |
_aWitzel M. _9111101 |
||
| 906 |
_dO:0354319-Nov-2013B:441425-Oct-2013 _cGENRL _b65.78 |
||
| 999 |
_c334035 _d334035 |
||